Antología crítica

Saved in:
Bibliografiske detaljer
Hovedforfatter: Ponge, Francis (Author)
Format: Bog
Sprog:spansk
Udgivet: Buenos Aires Gog y Magog 2016
Udgivelse:1a. ed
Serier:Poesía
Fag:
Tags: Tilføj Tag
Ingen Tags, Vær først til at tagge denne postø!

MARC

LEADER 00000cam a2200000 a 4500
001 UCC2789
003 CL-VaPUC
008 180323e20160000ag |||||||||||||||||spa|d
020 |a 9789509704787 
082 0 4 |a 841  |b PON  |2 21 
100 0 |a Ponge, Francis  |e author  |9 596809 
245 1 0 |a Antología crítica 
250 |a 1a. ed 
300 |a 408 p 
942 |c BK 
945 |d 20180323 15:33:00  |a dcastane 
260 |a Buenos Aires  |b Gog y Magog  |c 2016 
650 0 |a Poesías francesas  |9 265467 
650 0 |a Literatura francesa  |9 266330 
650 7 |a PROSA FRANCESA  |2 CL-VaPUC  |9 326641 
583 |a last modification  |c 20180323 15:33:00  |k Rodrigo Vera 
490 0 |a Poesía 
999 |c 370742  |d 370740 
952 |0 0  |1 0  |3 erb  |4 0  |6 841_000000000000000_PON_2016  |7 0  |8 A  |9 487345  |a BIBART  |b BIBART  |i 5458552  |o 841 PON 2016  |p 5458552  |r 2025-03-13  |w 2019-11-24  |y BK  |z Catalogado en:20180323  |k ART